| 000 | 01944nam a2200457 i 4500 | ||
|---|---|---|---|
| 001 | DIGBONART0368 | ||
| 003 | NyNyDIG | ||
| 006 | m o d | ||
| 007 | cr ||||||||||| | ||
| 008 | 231022s2023 mx ob 000 0 spa d | ||
| 035 | _a(OCoLC)1406036821 | ||
| 040 |
_aDGITA _beng _erda _epn _cDGITA |
||
| 020 |
_a9786078918515 _q(Bonilla Artigas Editores) _q(ePub) |
||
| 020 |
_z9786078918522 _q(Bonilla Artigas Editores) _q(impreso) |
||
| 043 | _an-mx--- | ||
| 050 | 1 | 4 | _aHG651 ebook |
| 100 | 1 |
_aVelasco Herrera, Omar, _eauthor. |
|
| 245 | 1 | 3 |
_aLa gestión política de la moneda y la edificación de la Hacienda Pública mexicana, 1825-1857 / _cOmar Velasco Herrera. |
| 250 | _aPrimera edición. | ||
| 264 | 1 |
_aCiudad de México : _bUniversidad Nacional Autónoma de México : _bBonilla Artigas Editores, _c[2023] |
|
| 300 | _a1 online resource. | ||
| 336 |
_atext _btxt _2rdacontent |
||
| 337 |
_acomputer file _bc _2rdamedia |
||
| 338 |
_aonline resource _bcr _2rdacarrier |
||
| 347 |
_atext file _2rdaft |
||
| 347 | _bPDF | ||
| 490 | 1 | _aPùblicahistórica | |
| 504 | _aIncludes bibliographical references. | ||
| 588 | 0 | _aOnline resource; title from PDF title page (Digitalia, viewed October 22, 2023) | |
| 650 | 0 |
_aFinance _zMexico. |
|
| 650 | 0 |
_aCoinage _zMexico. |
|
| 650 | 0 |
_aFinance, Public _zMexico. |
|
| 650 | 0 |
_aMoney _zMexico _xHistory. |
|
| 776 | 0 | 8 |
_iPrint version: _aVelasco Herrera, Omar. _tGestión política de la moneda y la edificación de la Hacienda Pública mexicana, 1825-1857. _bPrimera edición. _dCiudad de México : Universidad Nacional Autónoma de México : Bonilla Artigas Editores, [2023] _z9786078918522 |
| 791 | 2 |
_aDigitalia (Firm), _edistributor. |
|
| 793 | 0 |
_gDigitalia eBook Collection: _aBonilla Artigas Editores |
|
| 830 | 0 | _aPùblicahistórica. | |
| 856 | 4 | 0 |
_3Digitalia Hispánica _uhttps://www.digitaliapublishing.com/a/129723/ |
| 910 | _aPremium collection: 2023 | ||
| 942 | _cRAA | ||
| 999 |
_c280524 _d280524 |
||